[Event "Niedersachsen-ch U16"]
[Site "Rotenburg/Wuemme"]
[Date "2006.04.13"]
[Round "8"]
[White "Samarin, Maxim"]
[Black "Seemann, Semjon"]
[Result "0-1"]
[WhiteElo "1618"]
[BlackElo "1950"]
[PlyCount "50"]
[EventDate "2006.04.08"]
[EventType "swiss"]
[EventRounds "9"]
[EventCountry "GER"]
[SourceTitle "EXT 2007"]
[Source "ChessBase"]
[SourceDate "2006.11.23"]
[SourceVersion "1"]
[SourceVersionDate "2006.11.23"]
[SourceQuality "1"]

1. e4 c5 2. Nf3 d6 3. g3 Nf6 4. d3 Nc6 5. Bg2 g6 6. Be3 Ng4 7. Bd2 Bg7 8. c3 Qb6 9. Qb3 Qa6 10. Na3 Be6 11. Qb5 Qxb5 12. Nxb5 Rc8 13. Bf4 a6 14. Na3 b5 15. h3 Nge5 16. Kd2 Nxf3+ 17. Bxf3 b4 18. Nc2 Rb8 19. e5 Nxe5 20. Bxe5 Bxe5 21. d4 bxc3+ 22. bxc3 cxd4 23. cxd4 Bg7 24. a3 Bh6+ 25. Kd3 Rb3+ 0-1

[Event "Niedersachsen-ch U16"]
[Site "Rotenburg/Wuemme"]
[Date "2006.04.09"]
[Round "2"]
[White "Lorenz, Matthias"]
[Black "Samarin, Maxim"]
[Result "0-1"]
[WhiteElo "1139"]
[BlackElo "1618"]
[PlyCount "108"]
[EventDate "2006.04.08"]
[EventType "swiss"]
[EventRounds "9"]
[EventCountry "GER"]
[SourceTitle "EXT 2007"]
[Source "ChessBase"]
[SourceDate "2006.11.23"]
[SourceVersion "1"]
[SourceVersionDate "2006.11.23"]
[SourceQuality "1"]

1. d4 Nf6 2. c4 d6 3. Nc3 Nbd7 4. Nf3 e5 5. dxe5 dxe5 6. e4 Bc5 7. Be2 c6 8. a3 a5 9. 0-0 0-0 10. Bg5 Qc7 11. Rb1 h6 12. Bxf6 Nxf6 13. b4 Be7 14. c5 Be6 15. Qc2 Nd7 16. Rfd1 b6 17. cxb6 Qxb6 18. b5 Rfc8 19. Na4 Qb7 20. b6 Bxa3 21. Qc3 Bb4 22. Qc2 f6 23. h3 Nxb6 24. Nc5 Qe7 25. Nxe6 Qxe6 26. Nd2 Qe7 27. Bc4+ Nxc4 28. Nxc4 Qc5 29. Qb3 Kh7 30. Rd7 Rd8 31. Rbd1 Rxd7 32. Rxd7 a4 33. Qa2 Bc3 34. Nd6 Bd4 35. g3 Bxf2+ 36. Kg2 Bd4 37. Nf5 Qb5 38. Nxd4 exd4 39. Rxd4 Qb3 40. Rd2 Qxa2 41. Rxa2 Kg6 42. g4 a3 43. Kf3 Kg5 44. Kg3 h5 45. h4+ Kg6 46. Kf4 hxg4 47. Kxg4 Ra4 48. h5+ Kh6 49. Kf5 Ra5+ 50. Kf4 Kxh5 51. Rh2+ Kg6 52. Rg2+ Kf7 53. Ra2 g5+ 54. Kg4 Ke6 0-1

[Event "Niedersachsen-chT U16"]
[Site "Verden"]
[Date "2004.05.21"]
[Round "4.1"]
[White "Samarin, Maxim"]
[Black "Baisakow, Alexander"]
[Result "0-1"]
[WhiteElo "1692"]
[BlackElo "1783"]
[PlyCount "100"]
[EventDate "2004.05.20"]
[EventType "team-tourn"]
[EventRounds "7"]
[EventCountry "GER"]
[SourceTitle "EXT 2005"]
[Source "ChessBase"]
[SourceDate "2004.11.15"]
[SourceVersion "1"]
[SourceVersionDate "2004.11.15"]
[SourceQuality "1"]
[WhiteTeam "04"]
[BlackTeam "01"]
[WhiteTeamCountry "GER"]
[BlackTeamCountry "GER"]

1. e4 c5 2. Nf3 Nc6 3. d4 cxd4 4. Nxd4 g6 5. Nc3 Bg7 6. Be3 Nf6 7. Bc4 d6 8. f3 0-0 9. Qd2 Bd7 10. 0-0-0 Na5 11. Bb3 Nxb3+ 12. cxb3 a5 13. a4 Qc7 14. Kb1 Rfb8 15. Rc1 Qd8 16. h4 h5 17. Bg5 Qb6 18. Ndb5 Bc6 19. Bxf6 Bxf6 20. Nd5 Bxd5 21. Qxd5 Rc8 22. g4 Qf2 23. Nc3 Qxf3 24. g5 Bxc3 25. bxc3 Rxc3 26. Rxc3 Qxc3 27. Qxb7 Rc8 28. Rh2 Rc7 29. Qb5 Qc5 30. Qxc5 Rxc5 31. Kb2 f6 32. gxf6 exf6 33. Rd2 g5 34. hxg5 fxg5 35. Rxd6 g4 36. Rb6 Rc7 37. Rh6 g3 38. Rxh5 g2 39. Rg5+ Rg7 40. Rxg2 Rxg2+ 41. Kc3 Rg4 42. Kd4 Kf7 43. Kd5 Rg3 44. Kc4 Re3 45. Kb5 Rxb3+ 46. Kxa5 Ke6 47. Ka6 Kd6 48. e5+ Kxe5 49. a5 Kd6 50. Ka7 Kc7 0-1